000 00985nam a2200313 a 4500
001 000037765
003 DO-SdBPM
005 20250623105835.0
007 ta
008 130305s2012 dr 001 e spa d
020 _a9789945489248
040 _aDO-SdBPM
_bspa
_cBPMSU
_erda
_d
082 4 _aRD864.44
_bM632d 2012
_222
100 1 _aMieses, Juan Carlos,
_d1947-
245 1 0 _aApología de las palabras y otras variaciones /
_cJuan Carlos Mieses.
264 _aSanto Domingo :
_bSantuario,
_c2012.
300 _a139 p. ;
_c24 cm.
336 _atexto
_btxt
_2rdacontent
337 _asin mediación
_bn
_2rdamedia
338 _avolumen
_bnc
_2rdacarrier
500 _aIncluye datos biográficos del autor en la solapa de la cubierta.
590 _aInventariado, 2025/VM
650 7 _aEnsayos dominicanos
650 7 _aLiteratura dominicana.
650 z _aDominican essays
650 z _aDominican literature
910 _aVMateo V. Control de calidad BPMSU
942 _2ddc
_cBK
999 _c15195
_d15195